000 00382nam a2200169Ia 4500
008 170705s9999 xx 000 0 und d
020 _a9780439355261
245 _aTitanic /
245 _cby Howard Gutner.
260 _aNew York :
260 _bScholastic,
260 _c2002
300 _a16 pages :
300 _bcolor illustration ;
300 _c19cm.
500 _a790
999 _c337069
_d337069